000 02097nam a22003854a 4500
001 vtls003178632
003 MY-SjTCS
005 20200226111815.0
006 m u
007 cr cn|||||||||
008 100712s2004 dcu sb 001 0 eng
010 _z 2004-019511
020 _z0815735456 (pbk. : alk. paper)
035 _a(CaPaEBR)ebr10077284
039 9 _y201007121459
_zVLOAD
040 _aCaPaEBR
_cCaPaEBR
050 1 4 _aJZ1480
_b.L53 2004eb
082 0 4 _a205/.624
_222
245 0 0 _aLiberty and power
_h[electronic resource] :
_ba dialogue on religion and U.S. foreign policy in an unjust world /
_cJ. Bryan Hehir ... [et al.].
260 _aWashington, D.C. :
_bBrookings Institution Press,
_cc2004.
300 _axii, 119 p. ;
_c23 cm.
490 1 _aThe Pew Forum dialogues on religion and public life
504 _aIncludes bibliographical references and index.
505 0 _tThe paradoxes of religion and foreign policy /
_rE. J. Dionne Jr., Kayla M. Drogosz, and Jean Bethke Elshtain --
_tReligion, realism, and just intervention /
_rJ. Bryan Hehir --
_tCan there be a moral foreign policy /
_rMichael Walzer --
_tFighting against terrorism and for justice /
_rLouise Richardson --
_tBetween faith and ethics /
_rShibley Telhami --
_tWhen unilateralism is right and just /
_rCharles Krauthammer --
_t"Morality is really hard" /
_rJames Lindsay.
529 _aTSLHHL
533 _aElectronic reproduction.
_bPalo Alto, Calif. :
_cebrary,
_d2009.
_nAvailable via World Wide Web.
_nAccess may be limited to ebrary affiliated libraries.
650 0 _aReligion and international relations
_941034
650 0 _aWar (International law)
_921920
651 0 _aUnited States
_xForeign relations
_xMoral and ethical aspects.
655 7 _aElectronic books.
_2local
700 1 _aHehir, J. Bryan.
710 2 _aebrary, Inc.
_925628
830 0 _aPew Forum dialogues on religion and public life.
856 4 0 _uhttps://ezproxy.taylors.edu.my/login?url=http://site.ebrary.com/lib/taylorscollege/Doc?id=10077284
_zAn electronic book accessible through the World Wide Web; click to view
999 _c86018